<?xml version="1.0" encoding="UTF-8"?><?xml-stylesheet type="text/xsl" href="static/style.xsl"?><OAI-PMH xmlns="http://www.openarchives.org/OAI/2.0/" xmlns:xsi="http://www.w3.org/2001/XMLSchema-instance" xsi:schemaLocation="http://www.openarchives.org/OAI/2.0/ http://www.openarchives.org/OAI/2.0/OAI-PMH.xsd"><responseDate>2026-06-30T21:14:32Z</responseDate><request verb="GetRecord" identifier="oai:docta.ucm.es:20.500.14352/23572" metadataPrefix="marc">https://docta.ucm.es/rest/oai/request</request><GetRecord><record><header><identifier>oai:docta.ucm.es:20.500.14352/23572</identifier><datestamp>2023-08-27T14:32:43Z</datestamp><setSpec>com_20.500.14352_14</setSpec><setSpec>col_20.500.14352_15</setSpec></header><metadata><record xmlns="http://www.loc.gov/MARC21/slim" xmlns:dcterms="http://purl.org/dc/terms/" xmlns:xsi="http://www.w3.org/2001/XMLSchema-instance" xmlns:doc="http://www.lyncode.com/xoai" xsi:schemaLocation="http://www.loc.gov/MARC21/slim http://www.loc.gov/standards/marcxml/schema/MARC21slim.xsd">
   <leader>00925njm 22002777a 4500</leader>
   <datafield ind2=" " ind1=" " tag="042">
      <subfield code="a">dc</subfield>
   </datafield>
   <datafield ind2=" " ind1=" " tag="720">
      <subfield code="a">Fariñas García, José Carlos</subfield>
      <subfield code="e">author</subfield>
   </datafield>
   <datafield ind2=" " ind1=" " tag="720">
      <subfield code="a">López, Alberto</subfield>
      <subfield code="e">author</subfield>
   </datafield>
   <datafield ind2=" " ind1=" " tag="720">
      <subfield code="a">Martín Marcos, Ana</subfield>
      <subfield code="e">author</subfield>
   </datafield>
   <datafield ind2=" " ind1=" " tag="260">
      <subfield code="c">2016-04</subfield>
   </datafield>
   <datafield ind2=" " ind1=" " tag="520">
      <subfield code="a">This paper explores the relationship between productivity and sourcing strategies using a sample of Spanish manufacturing firms. In this analysis we use different measures of productivity and alternative ways of grouping firms. Our results indicate that productivity differs systematically across groups of firms with different sourcing strategies. The ranking of productivities we observe is not fully consistent with the predictions of Antràs and Helpman's (2004) model but we confirm many partial aspects of the proposed ranking. In our preferred specifications, the productivity advantage is highest for firms that import inputs from foreign subsidiaries. Moreover, the group of firms that outsource in the domestic market is, in general, at the bottom of the productivity distribution, with firms that outsource abroad having an intermediate productivity advantage. When analysing the direction of causality between productivity and sourcing strategies, we find weak evidence of self-selection of firms into offshoring and no influence of relocation on firm productivity.</subfield>
   </datafield>
   <datafield ind1="8" ind2=" " tag="024">
      <subfield code="a">2340-9436</subfield>
   </datafield>
   <datafield ind1="8" ind2=" " tag="024">
      <subfield code="a">10.1016/j.brq.2015.08.002</subfield>
   </datafield>
   <datafield ind1="8" ind2=" " tag="024">
      <subfield code="a">https://hdl.handle.net/20.500.14352/23572</subfield>
   </datafield>
   <datafield ind1="8" ind2=" " tag="024">
      <subfield code="a">https://doi.org/10.1016/j.brq.2015.08.002</subfield>
   </datafield>
   <datafield ind2="0" ind1="0" tag="245">
      <subfield code="a">Sourcing strategies and productivity: Evidence for Spanish manufacturing firms</subfield>
   </datafield>
</record></metadata></record></GetRecord></OAI-PMH>